00273nam a2200121Ia 4500008004100000100001600041245002100057260002300078300000900101650001900110942000700129999001500136190216s9999||||xx |||||||||||||| ||und|| aMohammed Ka 0aIndian Economics bS Chand & Coc1978 a185p aIndian Economy cBK c9263d9263